Geologie médií /

Hlavní autor: Parikka, Jussi, 1976-
Další autoři: Petříček, Jan, 1990-
Jazyk: Čeština
Vydáno: Praha : Univerzita Karlova, nakladatelství Karolinum, 2020
Vydání: První české vydání
Edice: Studia nových médií
Témata:
Fyzický popis: 201 stran : ilustrace ; 21 cm
Knihy
Uloženo v:
LEADER 01994nam a2200541 i 4500
001 nkc20203177641
003 CZ PrNK
005 20200602155305.0
007 ta
008 200224s2020 xr a f 001 0 cze
015 |a cnb003177641 
020 |a 978-80-246-3914-7  |q (brožováno) 
035 |a (OCoLC)1200246807 
040 |a OLA001  |b cze  |e rda 
041 1 |a cze  |h eng 
072 7 |a 316.4/.7  |x Sociální interakce. Sociální komunikace  |2 Konspekt  |9 18 
080 |a 316.774  |2 MRF 
080 |a 316.774:316.3  |2 MRF 
080 |a 316.774:316.7  |2 MRF 
080 |a (048.8)  |2 MRF 
100 1 |a Parikka, Jussi,  |d 1976-  |7 jo2013753387  |4 aut 
240 1 0 |a Geology of media.  |l Česky 
245 1 0 |a Geologie médií /  |c Jussi Parikka ; z anglického vydání The geology of media ... přeložil Jan Petříček 
250 |a První české vydání 
264 1 |a Praha :  |b Univerzita Karlova, nakladatelství Karolinum,  |c 2020 
300 |a 201 stran :  |b ilustrace ;  |c 21 cm 
336 |a text  |b txt  |2 rdacontent 
337 |a bez média  |b n  |2 rdamedia 
338 |a svazek  |b nc  |2 rdacarrier 
490 1 |a Studia nových médií 
504 |a Obsahuje bibliografické odkazy a rejstřík 
650 0 7 |a masmédia  |7 ph115233  |2 czenas 
650 0 7 |a masmédia a společnost  |7 ph551078  |2 czenas 
650 0 7 |a masmédia a kultura  |7 ph915016  |2 czenas 
650 0 9 |a mass media  |2 eczenas 
650 0 9 |a mass media and society  |2 eczenas 
650 0 9 |a mass media and culture  |2 eczenas 
655 7 |a monografie  |7 fd132842  |2 czenas 
655 9 |a monographs  |2 eczenas 
700 1 |a Petříček, Jan,  |d 1990-  |7 jo2017965944  |4 trl 
830 0 |a Studia nových médií  |0 s 
910 2 |a BOA001  |b 2-1444.702 
928 9 |a Karolinum 
990 |a BK 
995 |a 01 
991 |b 202005  |c NOV 
996 6 |b 2610819755  |c 2-1444.702  |l MZK  |r Sklad / do 1 hodiny  |n 1  |p p.v.  |w 001794349  |u 000010  |a 1  |e BOA001  |j MZK50  |s P 
996 7 |b 2610825464  |c 2-1444.702  |l Vol.výběr  |r VV 0p  |n 5  |p kup  |h 316.774 PAR  |w 001794349  |u 000020  |a 0  |e BOA001  |j MZK50  |s A